Denegacin̤ de justicia y proceso penal

Detalles Bibliográficos
Formato: eBook
Lenguaje:español
Publicado: Bogot:̀ Comisin̤ Colombiana de Juristas, 2011
Materias:
Acceso en línea:Acceso restringido

MARC

LEADER 00000nam a22000007a 4500
005 2020030901231.0
007 cr|||| ||||
008 200309s2011 co |||||s|||| 00||0 spa d
020 |a 978-958-9348-49-9 
035 |a 31181 
040 |a vLex 
090 |c 10208  |d 10208 
245 0 0 |a Denegacin̤ de justicia y proceso penal  |h [Recurso electrn̤ico] / 
256 |a Servicio en ln̕ea 
260 |a Bogot:̀  |b Comisin̤ Colombiana de Juristas,  |c 2011 
300 |a 1 recurso electrn̤ico 
506 1 |a Disponible solo en los productos indicados  |d vLex Global  |d vLex Global (Academic Edition, excluding Law Schools)  |d vLex Global (U.S. Academic Edition, Law Schools)  |d vLex Global (U.S. Academic Edition, excluding Law Schools)  |d vLex Global (Academic Edition, Law Schools) 
650 0 4 |a Derecho Penal  |z Colombia 
740 0 |a vLex Libros (Servicio en ln̕ea) 
856 4 0 |u http://vlex.com/source/denegacion-justicia-proceso-penal-31181  |z Acceso restringido 
942 |c BOOK 
999 0 |a Criminal law